[Daňovníctvo-daňová teória a politika - praktikum]

Recenzia na publikáciu, ktorá predstavuje základný študijný materiál na precvičenie vybraných problémov z oblasti daňovej sústavy platnej v SR.

Enregistré dans:
Détails bibliographiques
Auteur principal: Vališová, Daša, 1982-
Format: Chapitre de livre
Langue:slovaque
Sujets:
Tags: Ajouter un tag
Pas de tags, Soyez le premier à ajouter un tag!

MARC

LEADER 00000naa$a2200000$$$4500
001 0106385
005 20240502072159.4
041 0 |a slo 
044 |a SK 
245 1 0 |a [Daňovníctvo-daňová teória a politika - praktikum]  |c Daša Vališová 
520 |a Recenzia na publikáciu, ktorá predstavuje základný študijný materiál na precvičenie vybraných problémov z oblasti daňovej sústavy platnej v SR. 
610 2 0 |a teórie daňové 
610 2 0 |a politika daňová 
610 2 0 |a dane 
610 2 0 |a recenzie 
100 1 |a Vališová, Daša, 1982-